|
|
|
|
| LEADER |
00000nas a2200000 a 4500 |
| 001 |
ssj0000491247 |
| 003 |
WaSeSS |
| 005 |
20200512172242.0 |
| 006 |
m d |
| 007 |
cr n |
| 008 |
110925c19839999sp ar s 0 0spa c |
| 010 |
|
|
|a 2012240101
|
| 022 |
|
|
|y 0213-2087
|
| 035 |
|
|
|a (WaSeSS)ssj0000491247
|
| 040 |
|
|
|a OCLCE
|b eng
|c OCLCE
|d IXA
|d OCLCQ
|d OCLCF
|d OCLCO
|d OCL
|d OCLCO
|d CUS
|d OCLCQ
|d OCL
|d VT2
|d OCLCO
|d OCLCA
|d UAB
|d OCLCQ
|d WaSeSS
|
| 041 |
0 |
|
|a spa
|b eng
|
| 042 |
|
|
|a dlr
|a pcc
|
| 043 |
|
|
|a e-sp---
|a cl-----
|
| 245 |
0 |
0 |
|a Studia historica.
|p Ha. contemporánea
|h [electronic resource].
|
| 246 |
1 |
3 |
|a Studia historica.
|p Historia contemporánea
|
| 246 |
3 |
0 |
|a Ha. contemporánea
|
| 246 |
3 |
0 |
|a Historia contemporánea
|
| 260 |
|
|
|a Salamanca :
|b Ediciones Universidad de Salamanca,
|c 1983-
|
| 310 |
|
|
|a Annual
|
| 362 |
0 |
|
|a Vol. 1 (1983)-
|
| 500 |
|
|
|a Some issues have also theme titles.
|
| 506 |
|
|
|a License restrictions may limit access.
|
| 515 |
|
|
|a Each issue of v. 1-5, 1983-1987 also called no. 4.
|
| 515 |
|
|
|a Some issues published in combined form.
|
| 538 |
|
|
|a Master and use copy. Digital master created according to Benchmark for Faithful Digital Reproductions of Monographs and Serials, Version 1. Digital Library Federation, December 2002.
|u http://purl.oclc.org/DLF/benchrepro0212
|5 MiAaHDL
|
| 546 |
|
|
|a In Spanish, some summaries in English.
|
| 583 |
1 |
|
|a digitized
|c 2011
|h HathiTrust Digital Library
|l committed to preserve
|2 pda
|5 MiAaHDL
|
| 588 |
|
|
|a Description based on first issue; title from PDF caption (publisher's Web site viewed Mar. 8, 2012).
|
| 588 |
|
|
|a Latest issue consulted: Vol. 29 (2011) (viewed Mar. 8, 2012).
|
| 648 |
|
7 |
|a 1900-1999
|2 fast
|
| 650 |
|
0 |
|a History, Modern
|y 20th century
|v Periodicals.
|
| 650 |
|
7 |
|a History, Modern.
|2 fast
|0 (OCoLC)fst00958367
|
| 651 |
|
0 |
|a Spain
|x History
|y 20th century
|v Periodicals.
|
| 651 |
|
0 |
|a Latin America
|x History
|y 20th century
|v Periodicals.
|
| 651 |
|
7 |
|a Latin America.
|2 fast
|0 (OCoLC)fst01245945
|
| 651 |
|
7 |
|a Spain.
|2 fast
|0 (OCoLC)fst01204303
|
| 655 |
|
0 |
|a Electronic journals.
|
| 710 |
2 |
|
|a Ediciones Universidad de Salamanca.
|
| 776 |
0 |
8 |
|i Print version:
|t Studia historica. Ha. contemporánea
|w (DLC) 94655788
|w (OCoLC)23196542
|
| 856 |
4 |
0 |
|z Full text available from PRISMA Database with HAPI Index: 01/01/2012 to 01/31/2015
|u https://search.proquest.com/publication/2032645
|